| 000 | 01225nam0a22002771 4500 | ||
|---|---|---|---|
| 001 | rc\963714 | ||
| 005 | 20041129100553.8 | ||
| 035 | _a(NLR Aleph) 006133185 | ||
| 090 |
_a5583317 _c5583317 |
||
| 100 | _a20041129d1982 u |0rusy50 ca | ||
| 101 | 0 | _arus | |
| 102 | _aRU | ||
| 105 | _aa ||||||||| | ||
| 200 | 1 |
_aЭффективность МГДЭС открытого цикла в различных режимах работы _eКонспект лекций по курсу "Магнитогидродинамические установки" _fЛ.К. Хохлов, А.А. Бобков, Т.Н. Богданова _gРед. Б.П. Голубев |
|
| 210 |
_aМ. _cМЭИ _d1982 |
||
| 215 |
_a32 с. _cил. _d19 |
||
| 300 | _aВ надзаг.: М-во высш. и сред. спец. образования СССР, Моск. энерг. ин-т | ||
| 320 | _aБиблиогр.: с. 31 | ||
| 700 | 1 |
_aХохлов _bЛ. К. _gЛев Кузьмич |
|
| 701 | 1 |
_aБобков _bА. А. _gАнатолий Андреевич |
|
| 701 | 1 |
_aБогданова _bТ. Н. _gТатьяна Николаевна |
|
| 801 | 0 |
_aRU _bNLR _gpsbo |
|
| 801 | 1 |
_aRU _bELAR _2rusmarc |
|
| 852 |
_aNLR _j83-4/31585 |
||
| 942 | _cBOOK | ||
| 980 | _aNB | ||